[Event "FRA-chT1 0910"]
[Site "France"]
[Date "2009.11.21"]
[Round "4.5"]
[White "Marchyllie, Bruno"]
[Black "Plane, Boris"]
[Result "0-1"]
[WhiteElo "2156"]
[BlackElo "2170"]
[PlyCount "92"]
[EventDate "2009.09.27"]
[EventType "team-match"]
[EventRounds "11"]
[EventCountry "FRA"]
[SourceDate "2009.07.26"]

1. e4 e5 2. Nf3 Nc6 3. Bc4 Nf6 4. d3 Bc5 5. c3 d6 6. Nbd2 Be6 7. b4 Bb6 8. a4
a5 9. Bxe6 fxe6 10. b5 Ne7 11. Qb3 Qd7 12. Ba3 Ng6 13. Nc4 Nf4 14. Nxb6 cxb6
15. O-O-O Rc8 16. Rd2 Nxg2 17. Rg1 Nf4 18. Kb1 h6 19. Re1 Qc7 20. Kb2 Kf7 21.
d4 Rhd8 22. Rdd1 g5 23. c4 Nd7 24. Qc3 g4 25. dxe5 gxf3 26. Qxf3 dxe5 27. Bd6
Qxc4 28. Bxe5 Qb4+ 29. Ka1 Qxa4+ 30. Kb1 Qxb5+ 31. Bb2 e5 32. Rd5 Qb4 33. Red1
Ke8 34. Rg1 Nxd5 35. exd5 Qf4 36. Qh5+ Ke7 37. Re1 Kd6 38. Ba3+ Nc5 39. Qg6+
Kxd5 40. Qxb6 Qd2 41. Re3 Qd1+ 42. Ka2 Qc2+ 43. Ka1 Kc4 44. Bb2 Rd1+ 45. Ka2
Qb1+ 46. Ka3 Rd3+ 0-1

[Event "FRA-chT1 0910"]
[Site "France"]
[Date "2009.11.21"]
[Round "4.7"]
[White "Couche, Didier"]
[Black "Lalande, Jean Louis"]
[Result "1/2-1/2"]
[WhiteElo "2129"]
[BlackElo "2071"]
[PlyCount "88"]
[EventDate "2009.09.27"]
[EventType "team-match"]
[EventRounds "11"]
[EventCountry "FRA"]
[SourceDate "2009.07.26"]

1. d4 d5 2. c4 dxc4 3. Nf3 a6 4. e3 e6 5. Bxc4 c5 6. O-O Nf6 7. Qe2 b5 8. Bd3
Nbd7 9. Rd1 Bb7 10. a4 b4 11. Nbd2 cxd4 12. exd4 Be7 13. Nc4 O-O 14. Nce5 a5
15. Bb5 Rc8 16. Bg5 Nxe5 17. dxe5 Nd5 18. Be3 Qc7 19. Rac1 Qb8 20. Bd4 Rxc1 21.
Rxc1 Rc8 22. Rc4 Nf4 23. Qe3 Rxc4 24. Bxc4 Qc7 25. Bb5 Nd5 26. Qe2 Qc1+ 27. Qf1
Qc2 28. Qd3 Qc1+ 29. Qf1 Qc2 30. Qd3 Qxd3 31. Bxd3 Nf4 32. Bb5 Bxf3 33. gxf3
Bd8 34. Kf1 g5 35. Ke1 Bc7 36. Kd2 Ng6 37. Kd3 Nxe5+ 38. Ke3 f5 39. b3 Kf7 40.
h3 Ke7 41. Bc5+ Kf6 42. Be2 Nd7 43. Kd4 Nxc5 44. Kxc5 Ke5 1/2-1/2

[Event "FRA-chT1 0910"]
[Site "France"]
[Date "2009.11.21"]
[Round "4.1"]
[White "Bergez, Luc"]
[Black "Roser, Kevin"]
[Result "1/2-1/2"]
[WhiteElo "2382"]
[BlackElo "2427"]
[PlyCount "41"]
[EventDate "2009.09.27"]
[EventType "team-match"]
[EventRounds "11"]
[EventCountry "FRA"]
[SourceDate "2009.07.26"]
[BlackTeam "Issy Les Moulineaux"]

1. d4 Nf6 2. c4 e6 3. Nf3 b6 4. e3 Bb7 5. Bd3 d5 6. cxd5 exd5 7. O-O Bd6 8. Nc3
O-O 9. Ne5 c5 10. Nb5 Be7 11. dxc5 bxc5 12. b3 a6 13. Na3 Bd6 14. Bb2 Qe7 15.
Ng4 Nbd7 16. Nc2 Nxg4 17. Qxg4 Ne5 18. Qe2 d4 19. Ne1 Nxd3 20. Qxd3 dxe3 21.
Qxe3 1/2-1/2

[Event "FRA-chT1 0910"]
[Site "France"]
[Date "2009.11.21"]
[Round "4.2"]
[White "Emmenecker, Philippe"]
[Black "Justo, Damian"]
[Result "0-1"]
[WhiteElo "2180"]
[BlackElo "2320"]
[PlyCount "76"]
[EventDate "2009.09.27"]
[EventType "team-match"]
[EventRounds "11"]
[EventCountry "FRA"]
[SourceDate "2009.07.26"]

1. d4 e6 2. c4 Nf6 3. Nf3 c5 4. e3 d5 5. Nc3 cxd4 6. exd4 Bb4 7. Bg5 O-O 8. Qb3
Nc6 9. Rd1 Bxc3+ 10. Qxc3 Ne4 11. Bxd8 Nxc3 12. bxc3 Rxd8 13. Rb1 b6 14. cxd5
exd5 15. Bd3 Bg4 16. Ng5 h6 17. h3 Bh5 18. Nf3 Bxf3 19. gxf3 Rd6 20. Rg1 Rc8
21. Kd2 Kf8 22. Rg3 Rf6 23. Rbg1 g6 24. Re1 h5 25. Re3 Nd8 26. Rg5 Rd6 27. Ree5
Ne6 28. Rxd5 Nxg5 29. Rxd6 Ke7 30. Rd5 Nxh3 31. c4 Nf4 32. Re5+ Kf6 33. Bf1 h4
34. Ke3 g5 35. Bd3 h3 36. Rf5+ Ke7 37. Re5+ Kf8 38. Bf5 Re8 0-1

[Event "FRA-chT1 0910"]
[Site "France"]
[Date "2009.11.21"]
[Round "4.3"]
[White "Guichard, Pauline"]
[Black "Cotonnec, Melkior"]
[Result "0-1"]
[WhiteElo "2306"]
[BlackElo "2276"]
[PlyCount "84"]
[EventDate "2009.09.27"]
[EventType "team-match"]
[EventRounds "11"]
[EventCountry "FRA"]
[SourceDate "2009.07.26"]

1. d4 Nc6 2. Nf3 d5 3. c4 Bg4 4. e3 e5 5. cxd5 Qxd5 6. Nc3 Bb4 7. Be2 exd4 8.
exd4 Bxf3 9. Bxf3 Qc4 10. Bxc6+ Qxc6 11. O-O Ne7 12. Qb3 Bd6 13. d5 Qa6 14. Bg5
O-O 15. Nb5 Nf5 16. Rac1 Rac8 17. Rfe1 Rfe8 18. a4 Rxe1+ 19. Rxe1 Qa5 20. Re2
Bf8 21. Bd2 Qb6 22. Qd3 g6 23. Bc3 a6 24. Na3 Rd8 25. Nc4 Qc5 26. Rd2 c6 27. b4
Qe7 28. Re2 Qg5 29. Qf3 Rxd5 30. Re1 Qd8 31. Bb2 Bxb4 32. Rf1 Bf8 33. g4 Nd4
34. Qe4 Qe7 35. Qxe7 Bxe7 36. Kg2 Bf6 37. Nb6 Rd8 38. Re1 h6 39. f4 Kg7 40. Rb1
Ne6 41. Bxf6+ Kxf6 42. Kf3 Rd3+ 0-1

[Event "FRA-chT1 0910"]
[Site "France"]
[Date "2009.11.21"]
[Round "4.4"]
[White "Lavabre, Fabien"]
[Black "Leroy, Didier"]
[Result "1-0"]
[WhiteElo "2223"]
[BlackElo "2306"]
[PlyCount "49"]
[EventDate "2009.09.27"]
[EventType "team-match"]
[EventRounds "11"]
[EventCountry "FRA"]
[SourceDate "2009.07.26"]

1. e4 c5 2. c3 Nf6 3. e5 Nd5 4. Bc4 Nb6 5. Bb3 g6 6. Nf3 Bg7 7. O-O O-O 8. d4
cxd4 9. cxd4 Nc6 10. Bf4 d6 11. h3 Bf5 12. exd6 exd6 13. Nc3 Na5 14. Nb5 Nc8
15. Rc1 Be4 16. Nc7 Nxb3 17. Qxb3 Rb8 18. Ng5 Bc6 19. Rxc6 bxc6 20. Qxb8 Bxd4
21. Nce6 fxe6 22. Nxe6 Qb6 23. Qxb6 Bxb6 24. Nxf8 Kxf8 25. Rc1 1-0

[Event "FRA-chT1 0910"]
[Site "France"]
[Date "2009.11.21"]
[Round "4.6"]
[White "Wittmann, Marc"]
[Black "Roumegous, Etienne"]
[Result "1-0"]
[WhiteElo "2258"]
[BlackElo "2165"]
[PlyCount "43"]
[EventDate "2009.09.27"]
[EventType "team-match"]
[EventRounds "11"]
[EventCountry "FRA"]
[SourceDate "2009.07.26"]

1. e4 e6 2. Nf3 d5 3. e5 c5 4. b4 c4 5. c3 f6 6. d3 cxd3 7. Bxd3 fxe5 8. Nxe5
Nf6 9. Bg5 Bd6 10. f4 Nbd7 11. Qe2 Qc7 12. Ng4 O-O 13. O-O Kh8 14. Kh1 a5 15.
Na3 axb4 16. Nb5 Qb6 17. cxb4 Nxg4 18. Qxg4 e5 19. Nxd6 Qxd6 20. fxe5 Qxe5 21.
Qh4 g6 22. Rxf8+ 1-0

[Event "FRA-chT1 0910"]
[Site "France"]
[Date "2009.11.21"]
[Round "4.1"]
[White "David, Alberto"]
[Black "Picard, Romain"]
[Result "1-0"]
[WhiteElo "2593"]
[BlackElo "2376"]
[PlyCount "55"]
[EventDate "2009.09.27"]
[EventType "team-match"]
[EventRounds "11"]
[EventCountry "FRA"]
[SourceDate "2009.07.26"]
[WhiteTeam "Lutece"]

1. Nf3 Nf6 2. c4 b6 3. d4 e6 4. g3 Bb4+ 5. Bd2 Be7 6. Bg2 c6 7. O-O O-O 8. Qc2
d5 9. Rd1 Bb7 10. Bf4 Nbd7 11. Nc3 Nh5 12. Bc1 f5 13. a4 Bb4 14. b3 Qe7 15. e3
Nhf6 16. Ne2 Ne4 17. Nf4 a5 18. Nd3 Bd6 19. Nfe5 Rfe8 20. Bb2 Rac8 21. Rac1
Nxe5 22. dxe5 Bb8 23. c5 b5 24. Ra1 b4 25. f3 Ng5 26. Bd4 Ba6 27. Nf2 Bc7 28.
Kh1 {suite illisible} 1-0

[Event "FRA-chT1 0910"]
[Site "France"]
[Date "2009.11.21"]
[Round "4.2"]
[White "Inkiov, Ventzislav"]
[Black "Shirazi, Kamran "]
[Result "1-0"]
[WhiteElo "2472"]
[BlackElo "2433"]
[PlyCount "24"]
[EventDate "2009.09.27"]
[EventType "team-match"]
[EventRounds "11"]
[EventCountry "FRA"]
[SourceDate "2009.07.26"]
[WhiteTeam "Migne"]

1. d4 Nf6 2. c4 b6 3. Nc3 Bb7 4. d5 e6 5. a3 exd5 6. cxd5 b5 7. e4 b4 8. axb4
Bxb4 9. Qd3 Qe7 10. Bg5 h6 11. Bxf6 Qxf6 12. Be2 c6 {suite illisible} 1-0

[Event "FRA-chT1 0910"]
[Site "France"]
[Date "2009.11.21"]
[Round "4.6"]
[White "Heinis, Vincent"]
[Black "Rihouay, Clement"]
[Result "0-1"]
[WhiteElo "2134"]
[BlackElo "2220"]
[PlyCount "58"]
[EventDate "2009.09.27"]
[EventType "team-match"]
[EventRounds "11"]
[EventCountry "FRA"]
[SourceDate "2009.07.26"]

1. d4 Nf6 2. c4 e6 3. Nf3 b6 4. e3 Bb7 5. Bd3 c5 6. O-O Be7 7. Nc3 cxd4 8. exd4
d6 9. b3 O-O 10. Bb2 d5 11. Rc1 Nc6 12. Ne2 Rc8 13. Ng3 Nb4 14. Bb1 dxc4 15.
bxc4 Ba6 16. Ne5 Nc6 17. f4 g6 18. Qa4 Na5 19. Rfd1 Qe8 20. Qxe8 Rfxe8 21. d5
exd5 22. cxd5 Rxc1 23. Bxc1 Rd8 24. Ne4 Nxd5 25. Ng5 f6 26. Ngf7 Rc8 27. Nh6+
Kg7 28. Neg4 Be2 29. Re1 Bb4 0-1

[Event "FRA-chT1 0910"]
[Site "France"]
[Date "2009.11.21"]
[Round "4.7"]
[White "Thomas, Ludovic"]
[Black "Picard, Clement"]
[Result "1-0"]
[WhiteElo "2164"]
[BlackElo "2183"]
[PlyCount "50"]
[EventDate "2009.09.27"]
[EventType "team-match"]
[EventRounds "11"]
[EventCountry "FRA"]
[SourceDate "2009.07.26"]

1. e4 e6 2. d4 d5 3. Nd2 Be7 4. Bd3 c5 5. dxc5 Nf6 6. Qe2 O-O 7. Ngf3 a5 8. c3
Na6 9. e5 Nd7 10. h4 f5 11. exf6 Nxf6 12. Ne5 Nxc5 13. Bc2 Bd6 14. Ndf3 Qc7 15.
Be3 b6 16. Bd4 Ba6 17. Qe3 Nfe4 18. h5 Rf5 19. h6 g5 20. O-O-O Raf8 21. Kb1 g4
22. Rh4 Rf4 23. g3 Bxe5 24. Bxe5 Rxf3 25. Rxg4+ Kf7 1-0

[Event "FRA-chT1 0910"]
[Site "France"]
[Date "2009.11.21"]
[Round "4.8"]
[White "Boulan, Laura"]
[Black "Lamorelle, Camille"]
[Result "1-0"]
[WhiteElo "1972"]
[BlackElo "1773"]
[PlyCount "71"]
[EventDate "2009.09.27"]
[EventType "team-match"]
[EventRounds "11"]
[EventCountry "FRA"]
[SourceDate "2009.07.26"]

1. g3 Nc6 2. Bg2 d5 3. c4 d4 4. d3 Nf6 5. Nf3 e5 6. O-O Be7 7. Bd2 O-O 8. Na3
h6 9. Nc2 Be6 10. b4 e4 11. Nfe1 exd3 12. exd3 Bg4 13. Bf3 Ne5 14. Bxg4 Nfxg4
15. f4 Nxh2 16. Kxh2 Ng6 17. Qg4 Bf6 18. Nf3 Re8 19. Rae1 Qd6 20. b5 a5 21.
Rxe8+ Rxe8 22. Re1 Rxe1 23. Nfxe1 b6 24. Qe2 Qe6 25. Qxe6 fxe6 26. Nf3 e5 27.
fxe5 Nxe5 28. Nxe5 Bxe5 29. Bf4 Bxf4 30. gxf4 Kf7 31. Nxd4 Ke7 32. Kg3 g5 33.
fxg5 hxg5 34. Kg4 Kd6 35. a3 Ke5 36. Nc6+ 1-0

[Event "FRA-chT1 0910"]
[Site "France"]
[Date "2009.11.21"]
[Round "4.1"]
[White "Jens, Jelmer"]
[Black "Delorme, Axel"]
[Result "0-1"]
[WhiteElo "2369"]
[BlackElo "2424"]
[PlyCount "40"]
[EventDate "2009.09.27"]
[EventType "team-match"]
[EventRounds "11"]
[EventCountry "FRA"]
[SourceDate "2009.07.26"]
[BlackTeam "Clichy"]

1. e4 e5 2. Nf3 Nc6 3. Bb5 a6 4. Ba4 Nf6 5. O-O b5 6. Bb3 Bc5 7. a4 Bb7 8. d3
O-O 9. Bg5 h6 10. Bh4 g5 11. Bg3 d6 12. Nc3 b4 13. Nd5 Na5 14. Nxf6+ Qxf6 15.
Ba2 b3 16. Qe1 bxa2 17. Qxa5 Qe7 18. Nd2 f5 19. exf5 h5 20. c3 Rad8 {suite
illisible} 0-1

[Event "FRA-chT1 0910"]
[Site "France"]
[Date "2009.11.21"]
[Round "4.5"]
[White "Tournier, Mathieu"]
[Black "Pujos, Stephane"]
[Result "1/2-1/2"]
[WhiteElo "2267"]
[BlackElo "2301"]
[PlyCount "73"]
[EventDate "2009.09.27"]
[EventType "team-match"]
[EventRounds "11"]
[EventCountry "FRA"]
[SourceDate "2009.07.26"]

1. e4 d6 2. d4 Nf6 3. Nc3 e5 4. Nge2 c6 5. a4 Be7 6. g3 exd4 7. Nxd4 d5 8. e5
Ne4 9. Bg2 Nxc3 10. bxc3 O-O 11. O-O c5 12. Ne2 Nc6 13. Nf4 Nxe5 14. Nxd5 Bg4
15. f3 Be6 16. f4 Nc6 17. c4 Qd7 18. c3 Rfe8 19. a5 Rac8 20. Qf3 Bg4 21. Qf2
Bd8 22. Ne3 Rxe3 23. Bxe3 Nxa5 24. f5 Nxc4 25. Rxa7 Qd3 26. Bxc5 Nd2 27. Re1
Bg5 28. Be3 h6 29. Bxg5 hxg5 30. Qe3 Qxc3 31. Qxc3 Rxc3 32. Bxb7 Nf3+ 33. Bxf3
Rxf3 34. Rf1 Rxf1+ 35. Kxf1 Bxf5 36. Kf2 Be6 37. Ke3 1/2-1/2

[Event "FRA-chT1 0910"]
[Site "France"]
[Date "2009.11.21"]
[Round "4.6"]
[White "Daurelle, Herve"]
[Black "Becuwe, Olivier"]
[Result "1-0"]
[WhiteElo "2222"]
[BlackElo "2096"]
[PlyCount "46"]
[EventDate "2009.09.27"]
[EventType "team-match"]
[EventRounds "11"]
[EventCountry "FRA"]
[SourceDate "2009.07.26"]

1. e4 c5 2. Nf3 d6 3. d4 cxd4 4. Nxd4 Nf6 5. Nc3 g6 6. Be3 Bg7 7. f3 O-O 8. Qd2
Nc6 9. O-O-O Nxd4 10. Bxd4 Be6 11. Kb1 Qc7 12. h4 Rfc8 13. h5 Qa5 14. hxg6 hxg6
15. a3 Rab8 16. Bd3 b5 17. Qg5 Qc7 18. e5 dxe5 19. Bxe5 Qc5 20. f4 Rb7 21. Ne4
Nxe4 22. Bxe4 Rd7 23. Rxd7 Bxd7 {suite illisible} 1-0

[Event "FRA-chT1 0910"]
[Site "France"]
[Date "2009.11.21"]
[Round "4.7"]
[White "Silvert, Alexandre"]
[Black "Coste, Thierry"]
[Result "0-1"]
[WhiteElo "1979"]
[BlackElo "2193"]
[PlyCount "49"]
[EventDate "2009.09.27"]
[EventType "team-match"]
[EventRounds "11"]
[EventCountry "FRA"]
[SourceDate "2009.07.26"]

1. d4 Nf6 2. c4 e6 3. Nf3 c5 4. g3 a6 5. Bg2 cxd4 6. Nxd4 Qc7 7. Qa4 Nc6 8. Nb5
Qb8 9. N5c3 Be7 10. O-O O-O 11. Rd1 h6 12. h3 Bc5 13. Nd2 d5 14. cxd5 exd5 15.
Nxd5 Nxd5 16. Ne4 Nb6 17. Nf6+ gxf6 18. Qh4 Qe5 19. Bf4 Qf5 20. Bxh6 Re8 21. g4
Qg6 22. g5 fxg5 23. Bxg5 Rxe2 24. Kh1 Qh7 25. Bh6 0-1

[Event "FRA-chT1 0910"]
[Site "France"]
[Date "2009.11.21"]
[Round "4.2"]
[White "Beikert, Guenther"]
[Black "Lubczynski, Rafal"]
[Result "1/2-1/2"]
[WhiteElo "2451"]
[BlackElo "2428"]
[PlyCount "108"]
[EventDate "2009.09.27"]
[EventType "team-match"]
[EventRounds "11"]
[EventCountry "FRA"]
[SourceDate "2009.07.26"]
[WhiteTeam "Gif/yvette"]
[BlackTeam "Sautron"]

1. e4 d6 2. d4 Nf6 3. Nc3 e5 4. dxe5 dxe5 5. Qxd8+ Kxd8 6. Bc4 Be6 7. Bxe6 fxe6
8. Be3 Bd6 9. Nge2 Nc6 10. f3 Ke7 11. O-O-O Rhb8 12. Rd3 b5 13. Rhd1 Na5 14.
Kb1 Nc4 15. Bf2 a6 16. Ka1 h6 17. Nb1 a5 18. b3 Nb6 19. Nbc3 b4 20. Bxb6 Rxb6
21. Na4 Rc6 22. Kb1 Nd7 23. c3 Nc5 24. Nxc5 Rxc5 25. Rc1 a4 26. cxb4 Rxc1+ 27.
Nxc1 Bxb4 28. Ne2 Ra6 29. Rd1 axb3 30. axb3 Ra3 31. Kb2 Ra6 32. Ra1 Rd6 33. Rc1
Kd7 34. Rc2 Rd1 35. Nc3 Bxc3+ 36. Kxc3 Kc6 37. Ra2 Rg1 38. Kd3 Rb1 39. Kc4 Rc1+
40. Kb4 Rg1 41. Rc2+ Kb6 42. h4 Rd1 43. Ra2 Rg1 44. h5 Rh1 45. Ra8 Rxh5 46. Re8
Rg5 47. Rxe6+ c6 48. g4 h5 49. gxh5 Rxh5 50. Rg6 Rh3 51. Rxg7 Rxf3 52. Re7 Re3
53. Rxe5 Kc7 54. Kc4 Kd6 1/2-1/2

[Event "FRA-chT1 0910"]
[Site "France"]
[Date "2009.11.21"]
[Round "4.3"]
[White "Tripoteau, Nicolas"]
[Black "Seret, Jean Luc"]
[Result "1-0"]
[WhiteElo "2406"]
[BlackElo "2384"]
[PlyCount "67"]
[EventDate "2009.09.27"]
[EventType "team-match"]
[EventRounds "11"]
[EventCountry "FRA"]
[SourceDate "2009.07.26"]
[WhiteTeam "Sautron"]

1. d4 d6 2. e4 Nf6 3. Nc3 Nbd7 4. f4 e5 5. Nf3 exd4 6. Qxd4 c6 7. Be3 d5 8.
exd5 Bc5 9. Qd3 Qe7 10. Nd4 Ng4 11. Nf5 Nde5 12. Nxe7 Nxd3+ 13. Bxd3 Nxe3 14.
Nxc8 Rxc8 15. dxc6 Rxc6 16. Ke2 Re6 17. Kf3 Nxc2 18. Ne4 Nd4+ 19. Kg3 Be7 20.
Rhe1 h6 21. Rad1 O-O 22. Bc4 Nf5+ 23. Kg4 h5+ 24. Kxh5 Rc6 25. Bb3 Nh4 26. Re2
Kh8 27. Ng5 Rh6+ 28. Kg4 f5+ 29. Kg3 Bxg5 30. fxg5 Rh5 31. Rd6 Kh7 32. Ree6 Rc8
33. Bd5 Rc2 34. Re8 1-0

[Event "FRA-chT1 0910"]
[Site "France"]
[Date "2009.11.21"]
[Round "4.7"]
[White "Rate, Bruno"]
[Black "Seret, Jean Renaud"]
[Result "1/2-1/2"]
[WhiteElo "2116"]
[BlackElo "2181"]
[PlyCount "63"]
[EventDate "2009.09.27"]
[EventType "team-match"]
[EventRounds "11"]
[EventCountry "FRA"]
[SourceDate "2009.07.26"]

1. d4 d5 2. c4 c6 3. Nc3 Nf6 4. Nf3 a6 5. a4 g6 6. e3 Bg7 7. Be2 O-O 8. O-O
Nbd7 9. Qb3 Nb6 10. Ne5 dxc4 11. Nxc4 Nxc4 12. Bxc4 b5 13. Be2 Be6 14. Qa3 Qd6
15. Qxd6 exd6 16. Bf3 Rac8 17. axb5 axb5 18. Rd1 b4 19. Ne4 Nxe4 20. Bxe4 Bb3
21. Re1 c5 22. Bd2 Rfe8 23. Bf3 cxd4 24. exd4 Bxd4 25. Rxe8+ Rxe8 26. Bxb4 d5
27. g3 Rb8 28. Bc3 Bxc3 29. bxc3 Rc8 30. Ra5 Rxc3 31. Bxd5 Bxd5 32. Rxd5
1/2-1/2

[Event "FRA-chT1 0910"]
[Site "France"]
[Date "2009.11.21"]
[Round "4.8"]
[White "Chaumont, Adeline"]
[Black "Nadin, Stephanie"]
[Result "1-0"]
[WhiteElo "2040"]
[BlackElo "1814"]
[PlyCount "57"]
[EventDate "2009.09.27"]
[EventType "team-match"]
[EventRounds "11"]
[EventCountry "FRA"]
[SourceDate "2009.07.26"]

1. d4 d5 2. c4 c6 3. Nf3 dxc4 4. a4 Nf6 5. e3 b5 6. axb5 cxb5 7. b3 e6 8. bxc4
b4 9. Bd3 Bb7 10. O-O Be7 11. Nbd2 Nc6 12. Bb2 a5 13. Qc2 O-O 14. Ra4 Qb6 15.
Nb3 Rfb8 16. Rfa1 Bc8 17. Ne5 Bb7 18. Nxc6 Qxc6 19. f3 Qc7 20. Rxa5 Bd6 21. f4
Qc6 22. Rxa8 Bxa8 23. Na5 Qc8 24. c5 Bc7 25. Nc4 Qd8 26. Ra7 b3 27. Qe2 Rb4 28.
Qd2 Qb8 29. Rxa8 1-0

[Event "FRA-chT1 0910"]
[Site "France"]
[Date "2009.11.21"]
[Round "4.1"]
[White "Rabeyrin, Jean Jacques"]
[Black "Tranchant, Sebastien"]
[Result "1/2-1/2"]
[WhiteElo "2265"]
[BlackElo "2232"]
[PlyCount "41"]
[EventDate "2009.09.27"]
[EventType "team-match"]
[EventRounds "11"]
[EventCountry "FRA"]
[SourceDate "2009.07.26"]

1. e4 c5 2. Nf3 d6 3. d4 cxd4 4. Nxd4 Nf6 5. Nc3 a6 6. Bg5 e6 7. f4 Qc7 8. Qf3
b5 9. f5 b4 10. Ncb5 axb5 11. Bxb5+ Bd7 12. fxe6 Bxb5 13. Nxb5 Qc5 14. Bxf6
gxf6 15. Qxf6 fxe6 16. Qxe6+ Be7 17. O-O-O Qxb5 18. Qc8+ Bd8 19. Qe6+ Be7 20.
Qc8+ Bd8 21. Qe6+ 1/2-1/2

[Event "FRA-chT1 0910"]
[Site "France"]
[Date "2009.11.21"]
[Round "4.3"]
[White "Fayard, Alain"]
[Black "Voisembert, Alain"]
[Result "1/2-1/2"]
[WhiteElo "2253"]
[BlackElo "2091"]
[PlyCount "61"]
[EventDate "2009.09.27"]
[EventType "team-match"]
[EventRounds "11"]
[EventCountry "FRA"]
[SourceDate "2009.07.26"]

1. d4 Nf6 2. c4 e6 3. Nc3 Bb4 4. Nf3 d5 5. e3 Nbd7 6. Bd3 c5 7. O-O cxd4 8.
exd4 Bxc3 9. bxc3 dxc4 10. Bxc4 Qc7 11. Qe2 O-O 12. Bg5 b6 13. Rac1 Bb7 14. Bd3
h6 15. Bd2 Rfe8 16. Ne5 Nxe5 17. dxe5 Nd7 18. Rfe1 Rad8 19. Bb1 Nxe5 20. Bf4
Qc6 21. Be4 Qxe4 22. Qxe4 Bxe4 23. Bxe5 Bg6 24. Bf4 Rd7 25. Rcd1 Red8 26. Rxd7
Rxd7 27. f3 Rd3 28. Rc1 Rd5 29. a3 e5 30. Be3 Ra5 31. Ra1 1/2-1/2

[Event "FRA-chT1 0910"]
[Site "France"]
[Date "2009.11.21"]
[Round "4.4"]
[White "Lambert, Romain"]
[Black "Lohou, Stephane"]
[Result "0-1"]
[WhiteElo "2010"]
[BlackElo "2181"]
[PlyCount "60"]
[EventDate "2009.09.27"]
[EventType "team-match"]
[EventRounds "11"]
[EventCountry "FRA"]
[SourceDate "2009.07.26"]

1. d4 Nf6 2. c4 g6 3. Nc3 d5 4. cxd5 Nxd5 5. e4 Nxc3 6. bxc3 c5 7. Be3 Bg7 8.
Bc4 Qa5 9. Qd2 Nc6 10. Ne2 O-O 11. Rd1 Rd8 12. f3 e6 13. O-O b5 14. Bb3 Ba6 15.
f4 c4 16. Bc2 b4 17. f5 bxc3 18. Qe1 exf5 19. exf5 Nb4 20. Qxc3 Qxa2 21. Rd2
Nd5 22. Be4 Nxc3 23. Rxa2 Nxa2 24. Bxa8 c3 25. Ra1 Bc4 26. Bf3 c2 27. Nc1 Bxd4
28. Bxd4 Rxd4 29. Nxa2 Bxa2 30. Rc1 Bb3 0-1

[Event "FRA-chT1 0910"]
[Site "France"]
[Date "2009.11.21"]
[Round "4.6"]
[White "Gjoka, Genc"]
[Black "Schabanel, Stephane"]
[Result "0-1"]
[WhiteElo "2002"]
[BlackElo "2246"]
[PlyCount "69"]
[EventDate "2009.09.27"]
[EventType "team-match"]
[EventRounds "11"]
[EventCountry "FRA"]
[SourceDate "2009.07.26"]

1. d4 f5 2. e4 fxe4 3. Nc3 Nf6 4. Bg5 Nc6 5. Bc4 d5 6. Bxf6 dxc4 7. Bh4 Qxd4 8.
Qxd4 Nxd4 9. O-O-O e5 10. Nxe4 Bd7 11. c3 Nf5 12. Bg3 Nxg3 13. hxg3 Bc6 14. Rh5
Bd6 15. Nxd6+ cxd6 16. Rxd6 O-O 17. Rd2 Rae8 18. Re2 Bxg2 19. f4 exf4 20. Rxg2
f3 21. Nxf3 Rxf3 22. Rc5 Re7 23. Rc8+ Kf7 24. Rxc4 h5 25. a4 g5 26. Rc5 Kg6 27.
Rc8 Kf5 28. g4+ hxg4 29. Rf8+ Kg6 30. Rg8+ Rg7 31. Rd8 g3 32. Kd1 Re7 33. Rg8+
Kf5 34. Rd2 Rf1+ 35. Kc2 {suite illisible} 0-1

[Event "FRA-chT1 0910"]
[Site "France"]
[Date "2009.11.21"]
[Round "4.7"]
[White "Vasilescu, Victor"]
[Black "Vedel, Nicolas"]
[Result "1-0"]
[WhiteElo "2150"]
[BlackElo "1896"]
[PlyCount "47"]
[EventDate "2009.09.27"]
[EventType "team-match"]
[EventRounds "11"]
[EventCountry "FRA"]
[SourceDate "2009.07.26"]

1. e4 c5 2. Nf3 d6 3. d4 cxd4 4. Nxd4 Nf6 5. Nc3 g6 6. Be3 Bg7 7. f3 O-O 8. Qd2
Nc6 9. O-O-O Bd7 10. g4 Rc8 11. Kb1 Ne5 12. h4 h5 13. Nd5 Nxd5 14. exd5 hxg4
15. f4 Nf3 16. Nxf3 gxf3 17. Bd3 Bg4 18. Rdg1 f5 19. Qe1 b5 20. Bxa7 Ra8 21.
Qe6+ Kh7 22. h5 Rf6 23. hxg6+ Kxg6 24. Rxg4# 1-0

[Event "FRA-chT1 0910"]
[Site "France"]
[Date "2009.11.21"]
[Round "4.8"]
[White "Marchais, Aurelie"]
[Black "Cochet, Caroline"]
[Result "1/2-1/2"]
[WhiteElo "1773"]
[BlackElo "2032"]
[PlyCount "64"]
[EventDate "2009.09.27"]
[EventType "team-match"]
[EventRounds "11"]
[EventCountry "FRA"]
[SourceDate "2009.07.26"]

1. e4 c5 2. Nf3 Nc6 3. Bb5 g6 4. Bxc6 dxc6 5. d3 Bg7 6. h3 e5 7. Be3 Qe7 8. Qd2
Nf6 9. Bh6 O-O 10. O-O Nh5 11. Bxg7 Kxg7 12. Nc3 Nf4 13. Ne2 g5 14. Nxf4 gxf4
15. Kh2 Kh8 16. g3 Qd7 17. g4 f6 18. Nh4 Rg8 19. Nf5 h5 20. f3 Qh7 21. Rg1 Rg6
22. gxh5 Rxg1 23. Rxg1 Bxf5 24. exf5 Qxf5 25. Qg2 Qh7 26. Qg6 Rg8 27. h4 Qxg6
28. hxg6 Kg7 29. Rg4 Rh8 30. Kh3 Rh6 31. b3 Rxg6 32. h5 Rg5 1/2-1/2

[Event "FRA-chT1 0910"]
[Site "France"]
[Date "2009.11.22"]
[Round "5.2"]
[White "Salgado Allaria, Carlos"]
[Black "Pietrasanta, Jeremy"]
[Result "1-0"]
[WhiteElo "2340"]
[BlackElo "2275"]
[PlyCount "77"]
[EventDate "2009.09.27"]
[EventType "team-match"]
[EventRounds "11"]
[EventCountry "FRA"]
[SourceDate "2009.07.26"]

1. d4 Nf6 2. c4 e6 3. g3 Bb4+ 4. Bd2 Bxd2+ 5. Qxd2 O-O 6. Nc3 d6 7. Bg2 e5 8.
Nf3 Nc6 9. O-O Bg4 10. dxe5 dxe5 11. Rad1 Qe7 12. Nd5 Nxd5 13. cxd5 Bxf3 14.
dxc6 Bxg2 15. Kxg2 bxc6 16. Qd7 Qb4 17. Rd2 Rae8 18. Rfd1 Qb6 19. Qf5 Re6 20.
Qe4 a5 21. b3 g6 22. Rd7 Kg7 23. Rc1 Ra8 24. Rc4 Rae8 25. e3 h5 26. h4 Rf6 27.
Rd2 Qb5 28. Rdc2 Ree6 29. Rc5 Qa6 30. R2c4 Rf5 31. Rxc6 Rxc6 32. Qxc6 Qb6 33.
Qxc7 Qf6 34. Rc2 e4 35. Qc4 Re5 36. Qd4 Kh7 37. Kg1 Qf5 38. Rc4 Re7 39. Rc5 1-0

[Event "FRA-chT1 0910"]
[Site "France"]
[Date "2009.11.22"]
[Round "5.3"]
[White "Chomet, Pascal"]
[Black "Tournier, Mathieu"]
[Result "1/2-1/2"]
[WhiteElo "2333"]
[BlackElo "2267"]
[PlyCount "44"]
[EventDate "2009.09.27"]
[EventType "team-match"]
[EventRounds "11"]
[EventCountry "FRA"]
[SourceDate "2009.07.26"]
[WhiteTeam "Bois-Colombes"]

1. e4 e5 2. Nf3 Nc6 3. Bb5 a6 4. Ba4 Nf6 5. d3 b5 6. Bb3 Be7 7. O-O d6 8. a4
Bg4 9. c3 O-O 10. h3 Bh5 11. Bg5 Qd7 12. Nbd2 Na5 13. Bc2 c5 14. Qb1 Nc6 15.
Qa2 b4 16. Nh2 Bg6 17. Nc4 Rab8 18. a5 Nh5 19. Bd2 Qd8 20. Ng4 Nf4 21. Bxf4
exf4 22. Rfd1 h5 1/2-1/2